Normal view
MARC view
- Horak, Ray
Entry Personal Name
001 - CONTROL NUMBER
- control field: 97335
003 - CONTROL NUMBER IDENTIFIER
- control field: NUST
005 - DATE AND TIME OF LATEST TRANSACTION
- control field: 20220815190442.0
008 - FIXED-LENGTH DATA ELEMENTS
- fixed length control field: 220815|| aca||aabn | a|a d
040 ## - CATALOGING SOURCE
- Original cataloging agency: NUST
- Transcribing agency: NUST
100 ## - HEADING--PERSONAL NAME
- Personal name: Horak, Ray
670 ## - SOURCE DATA FOUND
- Source citation: Work cat.: (NUST)178731: Horak, Ray., Telecommunications and data communications handbook /, c2007.
